000 nam a22 a 4500
999 _c185065
_d185065
003 BLK
005 20220328151358.0
008 180411b bul|||||r ||||||| ||bul||
010 _aKNG00194043000
040 _aBLK
041 _aBUL
_cBUL
080 _aБългарска литература
_b821.163.2
_x-32
_z821.163.2-32
100 1 _aЖендов, Александър
_eпърви автор
_9378967
139 _aЖендов, Александър
_bЖ 39
245 1 0 _aРазкази и фейлетони
_cАлександър Жендов; издирил Стефан Жендов.
257 _aBGR
260 _aСофия
_bБълг. писател
_c1963
300 _a216 с.
_b15 л. репрод.
_c25 см
380 _aX
700 1 _aЖендов, Стефан
_eиздирил
_9384221
852 _aЦб 28658
_bЦб
856 4 _qpdf
856 4 _qpdf
942 _cKNG
_n0
_s1
944 _aCR
_c20.10.2016
_kСтанимира_Цанева
944 _aED
_c20.10.2016
_kСтанимира_Цанева